Les Drapeaux de Pays avec du Bleu đŸ”” et du Blanc âšȘ - Statistiques

Statistiques générales
  • Ce quiz a Ă©tĂ© pris 55 fois
  • Le rĂ©sultat moyen est 11 sur 13
Statistiques - réponses
Par images Réponse % Correct
Argentine
100%
Finlande
98%
GrĂšce
98%
Israël
96%
Uruguay
94%
Ecosse
88%
Honduras
84%
Saint-Marin
80%
Nicaragua
76%
Guatemala
72%
Salvador
70%
Somalie
70%
États FĂ©dĂ©rĂ©s de Micronesie
60%
Aucun quiz correspondant
Distribution des résultats
% des personnes avec chaque résultat
Percentile par nombre de réponses
Votre historique - résultats
Vous n’avez pas pris ce quiz